Dư vị : Tuyển chọn những bài viết sinh hoạt tư tưởng
Giới thiệu những bài viết của tác giả đã được đăng trên mục Sinh hoạt tư tưởng của Tạp chí Cộng sản về những vấn đề nóng bỏng của cuộc sống xã hội thời kỳ đổi mới ở Việt Nam.
Uloženo v:
| Hlavní autor: | |
|---|---|
| Médium: | Kniha |
| Jazyk: | Undetermined |
| Vydáno: |
Hà Nội
Chính trị Quốc gia
2008
|
| Témata: | |
| Tagy: |
Přidat tag
Žádné tagy, Buďte první, kdo otaguje tento záznam!
|
| Thư viện lưu trữ: | Trung tâm Học liệu Trường Đại học Cần Thơ |
|---|
| LEADER | 00953nam a2200217Ia 4500 | ||
|---|---|---|---|
| 001 | CTU_148243 | ||
| 008 | 210402s9999 xx 000 0 und d | ||
| 020 | |c 17000 | ||
| 082 | |a 361.1 | ||
| 082 | |b T305 | ||
| 100 | |a Nguyễn, Đăng Tiến | ||
| 245 | 0 | |a Dư vị : | |
| 245 | 0 | |b Tuyển chọn những bài viết sinh hoạt tư tưởng | |
| 245 | 0 | |c Nguyễn Đang Tiến | |
| 260 | |a Hà Nội | ||
| 260 | |b Chính trị Quốc gia | ||
| 260 | |c 2008 | ||
| 520 | |a Giới thiệu những bài viết của tác giả đã được đăng trên mục Sinh hoạt tư tưởng của Tạp chí Cộng sản về những vấn đề nóng bỏng của cuộc sống xã hội thời kỳ đổi mới ở Việt Nam. | ||
| 650 | |a Social problems,Vấn đề xã hội | ||
| 904 | |i Trọng Hiếu | ||
| 980 | |a Trung tâm Học liệu Trường Đại học Cần Thơ | ||